000 00718nam a2200289Ia 4500
005 20260324120926.0
008 008 260324s9999 xx 000 0 eng d
020 _a9781315768939
037 _aEBOOK
040 _aCRL
040 _beng
040 _cCRL
041 _2eng
041 _aeng
084 _qCRL
100 _aLaura Barberán Reinares
_91160505
245 0 _aSex Trafficking in Postcolonial Literature
245 0 _bTransnational Narratives from Joyce to Bolaño
260 _bTaylor and Francis
260 _c2014
365 _a
365 _b255
856 _uhttp://www.taylorfrancis.com/books/9781315768939
942 _cEBOOK
999 _c1752295
_d1752295